Miki - Particule [paroles] - Statistiques

Statistiques générales
  • Ce quiz a été pris 70 fois
  • Le résultat moyen est 77 sur 119
Statistiques - réponses
Réponse % Correct
à
100%
a
100%
de
100%
je
100%
particule
98%
qui
98%
qu’un
96%
toi
96%
au
94%
te
94%
autour
92%
ma
92%
me
92%
j’suis
90%
qu’une
90%
se
90%
est
88%
est ?
88%
il
88%
quand
88%
que
88%
la
87%
L.A. ?
87%
tél
87%
brûle
83%
heure
83%
tu
83%
avec
81%
des
81%
elle ?
81%
orbite
81%
qu’elle
81%
quelle
81%
si
81%
ces
79%
et
79%
ça
77%
c’est
77%
“c’est
77%
grand-mère
77%
t’es
77%
m’approche
75%
Vinted
75%
ou
73%
quoi
73%
vibre
73%
est-ce
71%
mon
71%
poudre
71%
sert ?
71%
ta
69%
le
67%
prends
67%
ses
67%
soi
67%
d’escampette
65%
une
65%
perds
63%
réveille
63%
tellement
63%
beau
62%
rac’
62%
rêves
62%
sa
62%
dans
60%
m’éloigne
60%
pas
60%
remplace
60%
y
60%
blaireau
58%
fichier
58%
jette
58%
rougis
58%
der
56%
même
56%
model”
56%
taire
56%
top
56%
coupe
54%
moments
54%
parle
54%
pendant
54%
belle
52%
mais
52%
tête
52%
voix
52%
ai
50%
foutre ?
50%
j’étais
50%
peux
50%
qu'est-ce
50%
ders
48%
d’un
48%
fait
48%
l’visio
48%
j’en
46%
place
46%
puisque
46%
s’est
46%
t’étais
46%
j’me
44%
mot
44%
sens
44%
déjà
42%
d’elle
42%
savoir
42%
p’t’être
40%
alors
38%
cèdes
38%
c’était
38%
grain
38%
impatient
38%
té-cô
38%
peine”
37%
creux
29%
m’dis
29%
mieux
25%
“t’inquiète
25%
m’suffirait
15%
Aucun quiz correspondant
Distribution des résultats
% des personnes avec chaque résultat
Percentile par nombre de réponses
Votre historique - résultats
Vous n’avez pas pris ce quiz